|
|
|
|
| LEADER |
00000nab a2200000 a 4500 |
| 001 |
vtls001510541 |
| 003 |
SK-MaSNL |
| 005 |
20260304221530.0 |
| 008 |
250505s2001 xo 000 0 slo |
| 035 |
|
|
|a SPKCL12868
|
| 035 |
|
|
|a urn:nbn:sk:snk-abd4yk
|
| 035 |
|
|
|a (urnnbn)urn:nbn:sk:snk:ar-007lds
|
| 035 |
|
|
|a (uuid)ce272da4-fe8e-4c30-ae6f-88c382a77e06
|
| 040 |
|
|
|a SNKBUCL
|b slo
|c SNKBUCL
|e AACR2
|
| 041 |
0 |
|
|a slo
|
| 044 |
|
|
|a xo
|c SK
|
| 080 |
|
|
|a 37.014.15(437.6):37.014.553:35
|2 1981
|
| 100 |
1 |
|
|a Galbavý, Ján,
|d 1944-2004
|4 aut
|9 260183
|
| 245 |
1 |
0 |
|a Prvé kroky k reforme
|c Ján Galbavý
|
| 610 |
1 |
7 |
|a Slovensko.
|b Ministerstvo školstva
|2 snkbucl
|
| 648 |
|
7 |
|a 2002
|2 snkbucl
|9 299607
|
| 650 |
0 |
7 |
|a školská legislatíva
|2 snkbucl
|9 676504
|
| 650 |
0 |
7 |
|a štátna správa
|2 snkbucl
|9 1539
|
| 650 |
0 |
7 |
|a samospráva
|2 snkbucl
|9 4165
|
| 650 |
0 |
7 |
|a školské reformy
|2 snkbucl
|9 50060
|
| 650 |
0 |
7 |
|a smernice
|2 snkbucl
|9 273652
|
| 773 |
0 |
|
|t Škola - manažment, ekonomika, legislatíva
|g Roč. 6, č. 5 (2001), s. 2-11
|
| 850 |
|
|
|a Slovenská národná knižnica
|
| 852 |
|
|
|a Slovenská národná knižnica
|
| 954 |
|
|
|a odborná, vedecká literatúra pôvodná (slovenská)
|2 lita
|
| 958 |
|
|
|a article17
|
| 958 |
|
|
|a OND
|
| 958 |
|
|
|a EUIPO
|
| 999 |
|
|
|c 3158345
|d 3160275
|